César du meilleur film étranger par images - Statistiques

Statistiques générales
  • Ce quiz a été pris 27 fois
  • Le résultat moyen est 23 sur 51
Statistiques - réponses
Par images Hint Réponse % Correct
2020 Parasite
88%
2016 Birdman
85%
1999 La vie est belle
85%
1991 Le Cercle des poètes disparus
85%
2011 The Social Network
85%
2021 Drunk
81%
1982 Elephant Man
81%
1985 Amadeus
77%
2007 Little Miss Sunshine
77%
2006 Million Dollar Baby
77%
2026 Une bataille après l'autre
77%
2010 Gran Torino
69%
1994 La Leçon de piano
69%
2005 Lost in Translation
69%
1988 Le Dernier Empereur
65%
1987 Le Nom de la rose
62%
2002 Mulholland Drive
62%
2001 In the Mood for Love
58%
2025 La Zone d'intérêt
58%
2004 Mystic River
58%
2008 La Vie des autres
54%
2015 Mommy
54%
1995 Quatre Mariages et un enterrement
54%
2022 The Father
54%
2013 Argo
50%
1990 Les Liaisons dangereuses
42%
2017 Moi, Daniel Blake
42%
2024 Simple comme Sylvain
42%
2003 Bowling for Columbine
38%
1980 Manhattan
38%
1993 Talons aiguilles
35%
2000 Tout sur ma mère
35%
1989 Bagdad Café
31%
2023 As bestas
27%
1986 La Rose pourpre du Caire
27%
1983 Victor Victoria
23%
1984 Fanny et Alexandre
19%
2019 Une affaire de famille
19%
2012 Une séparation
19%
2009 Valse avec Bachir
19%
1997 Breaking the Waves
15%
1981 Kagemusha, l'Ombre du guerrier
15%
1998 Les Virtuoses
15%
1992 Toto le héros
15%
2014 Alabama Monroe
12%
1976 Parfum de femme
12%
1978 Une journée particulière
12%
1996 Land and Freedom
8%
2018 Faute d'amour
0%
1979 L'Arbre aux sabots
0%
1977 Nous nous sommes tant aimés
0%
Aucun quiz correspondant
Distribution des résultats
% des personnes avec chaque résultat
Percentile par nombre de réponses
Votre historique - résultats
Vous n’avez pas pris ce quiz